zpět

Detail výsledku týmu

Baarovka, České Budějovice

Datum a čas kvízu

40 Celkem bodů Celkový počet nahraných bodů na tomto kvízu bez doplňovacích otázek.
2. Pořadí na kvízu Konečné umístění týmu na tomto kvízu.

Zaznamenané odpovědi

# Otázka Odpověď Body Výsledky
1. Minulý týden se satelitní sním... srdce 1
2. Minulý týden jsme se dozvěděli... Magnolia (magnólie) 1
3. Jak zní křestní jméno novoroze... Arnold, třetí potomek 1
4. Ministerstvo dopravy schválilo... D99 1
5. Tento 46letý muž se jmenuje Ma... Dukla (Praha) 0
6. Miminkovské téma začněme u pro... D 1
7. Nejen lidská miminka se rodí s... mázek 1
8. Ihned na první návštěvě u pedi... vitamín D 1
9. Pro klidný spánek miminka může... bílý šum 1
10. Ve které síti supermarketů a h... Tesco 0